| 000 | 00601nam a2200229Ia 4500 | ||
|---|---|---|---|
| 003 | OSt | ||
| 005 | 20230517110458.0 | ||
| 008 | 210423s1986 xx 000 0 und d | ||
| 020 | _a8123909438 | ||
| 040 | _cAL | ||
| 041 | _aeng | ||
| 082 |
_a543.08 _223 _bWILH |
||
| 100 |
_aWILLARD (Hobart H);others. _948301 |
||
| 245 | _aInstrumental methods of analysis. | ||
| 250 | _a7 | ||
| 260 |
_aNew Delhi _bCambridge University Press _c1986 |
||
| 300 | _axxi,895 | ||
| 365 |
_b370 _cINR |
||
| 650 |
_aAnalytical Chemistry _948302 |
||
| 906 | _aanalysis. ; Instrumental ; methods | ||
| 942 |
_2ddc _cBK |
||
| 999 |
_c153727 _d153727 |
||